ბათუმის შოთა რუსთაველის სახელმწიფო უნივერსიტეტის ბიბლიოთეკა

კონფლიქტი, გენდერი და მშვიდობის მშენებლობა / (ბიბ.ჩანაწერი № 34841)

000 -ლიდერი
ფიქსირებული სიგრძის საკონტროლო ველი 01776nam a2200277Ia 4500
001 - საკონტროლო ნომერი
საკონტროლო ველი 655
003 - საკონტროლო ნომრის იდენტიფიკატორი
საკონტროლო ველი GE_BSU
005 - ბოლო ოპერაციის თარიღი და დრო
საკონტროლო ველი 20210302134151.0
008 - ფიქსირებული სიგრძის მონაცემთა ელემენტები - ზოგადი ინფორმაცია
ფიქსირებული სიგრძის საკონტროლო ველი 181216s2002||||ge |||||||||||||| ||geo||
020 ## - წიგნის საერთაშორისო სტანდარტული ნომერი
International Standard Book Number 9992804254
040 ## - კატალოგიზაციის წყარო
Transcribing agency GE_BSU
041 ## - ენის კოდი
Language code of text/sound track or separate title geo
080 ## - უნივერსალური ათობითი კლასიფიკაციის ინდექსი
Universal Decimal Classification number 396.9+396.2+327.56 კ-73
245 ## - ცნობა სათაურის შესახებ
Title კონფლიქტი, გენდერი და მშვიდობის მშენებლობა /
Statement of responsibility, etc ფ. ზურიკაშვილი, გ. მაღრაძე, ნ. ჭანიშვილი და სხვ.; გაეროს განვითარების ფონდი ქალთათვის, პროექტი "ქალები კონფლიქტის პრევენციისა და მშვიდობის მშენებლობისათვის სამხრეთ კავკასიაში".
264 ## - წარმოების, გამოცემის, დისტრიბუციის და სხვა ცნობები
გამოცემის, წარმოების, დისტრიბუციის... ადგილი თბილისი,
გამოცემის, წარმოების, დისტრიბუციის... თარიღი 2002.
300 ## - ფიზიკური აღწერა
Extent 202 გვ.;
Other physical details ნახ. ცხრ.
Dimensions 29 სმ.
500 ## - ზოგადი შენიშვნა
General note ინგლისურ, რუსულ და ქართულ ენაზე.
653 ## - INDEX TERM--UNCONTROLLED
Uncontrolled term კონფლიქტების თავიდან აცილება;
653 ## - INDEX TERM--UNCONTROLLED
Uncontrolled term კონფლიქტი, გენდერი და მშვიდობის მშენებლობა
653 ## - INDEX TERM--UNCONTROLLED
Uncontrolled term ქალები მშვიდობისათვის ბრძოლაში;
653 ## - INDEX TERM--UNCONTROLLED
Uncontrolled term შიდობის მშენებლობა
700 ## - ADDED ENTRY--PERSONAL NAME
Personal name მაღრაძე, გ.
Relator term ავტორი
9 (RLIN) 10299
700 ## - ADDED ENTRY--PERSONAL NAME
Personal name ზურიკაშვილი, ფ.
Relator term ავტორი
9 (RLIN) 10300
700 ## - ADDED ENTRY--PERSONAL NAME
Personal name ჭანიშვილი, ნ. და სხვ.
Relator term ავტორი
9 (RLIN) 10301
942 ## - ADDED ENTRY ELEMENTS (KOHA)
Koha item type წიგნი
Source of classification or shelving scheme
ეგზემპლარები
ჩამოწერის სტატუსი დაკარგული ეგზემპლარის სტატუსი კლასიფიკაციის წყარო ან თაროზე გაწყობის სქემა დაზიანების სტატუსი არ გაიცემა მუდმივი მდებარეობა (დაცვის ადგილი) ამჟამინდელი ადგილსამყოფელი თაროზე განთავსების ადგილი შეძენის თარიღი ღირებულება, შესყიდვის ნორმალური ფასი სრული შენახვის შიფრი შტრიხკოდი ბოლო ოპერაციის თარიღი ეგზემპლარის მიმდევრობითი ნომერი (კეტერი?) ფასის ძალაში შესვლის თარიღი ეგზემპლარის სახეობა საჯარო შენიშვნა
          ბათუმის შოთა რუსთაველის სახელმწიფო უნივერსიტეტის მთავარი ბიბლიოთეკა ბათუმის შოთა რუსთაველის სახელმწიფო უნივერსიტეტის მთავარი ბიბლიოთეკა წიგნსაცავი 2018-12-17 12.00 396.9+396.2+327.56 კ-73 1133 2018-12-17 1133 2018-12-17 წიგნი 12 ლ.